Politika hospodárskej súťaže v Európskej únii, jej význam a hlavné piliere v súčasnom období

Politika, uplatňovanie a úlohy hospodárskej súťaže na trhu Európskej únie a zabezpečenie jej ochrany. Aspekty globálnej finančnej a hospodárskej krízy a opatrenia, ktoré v tejto oblasti Európska únia prijala.

Guardado en:
Detalles Bibliográficos
Autor principal: Tokárová, Mária
Formato: Capítulo de libro
Lenguaje:eslovaco
Materias:
Etiquetas: Agregar Etiqueta
Sin Etiquetas, Sea el primero en etiquetar este registro!

MARC

LEADER 00000nla$a2200000$$$4500
001 0145340
005 20240502072620.2
041 0 |a slo 
044 |a SK 
245 1 0 |a Politika hospodárskej súťaže v Európskej únii, jej význam a hlavné piliere v súčasnom období  |c Mária Tokárová 
520 |a Politika, uplatňovanie a úlohy hospodárskej súťaže na trhu Európskej únie a zabezpečenie jej ochrany. Aspekty globálnej finančnej a hospodárskej krízy a opatrenia, ktoré v tejto oblasti Európska únia prijala. 
610 2 0 |a Európska únia 
610 2 0 |a hospodárstvo trhové 
610 2 0 |a súťaž hospodárska 
610 2 0 |a ochrana súťaže hospodárskej 
610 2 0 |a spoločnosti obchodné 
610 2 0 |a dumping 
610 2 0 |a trh spoločný 
610 2 0 |a predpisy právne 
610 2 0 |a boj konkurenčný 
610 2 0 |a ochrana spotrebiteľa 
610 2 0 |a spolupráca medzinárodná 
100 1 |a Tokárová, Mária